| 000 | 01431cam a2200193 4500 | ||
|---|---|---|---|
| 001 | WB3931-06 | ||
| 008 | 030813n2003 000 0 eng u | ||
| 035 | _a(Sirsi) u123266 | ||
| 245 | _aConsultation on historic environment records launched | ||
| 260 | _c2003 | ||
| 490 |
_aEnglish Heritage News Release _v 11July 2003 (1) |
||
| 520 | _aThe Department for Culture, Media and Sport has issued a consultation document "A force for our future" on the future of Historic Environment Records, the mainly local government based information rsources on the archaeological and historic sites of an area. These were previously known as Sites and Monuments Records. The document seeks views on the way in which we access heritage information. Responses should be sent in by 31 October 2003 to Eve Trueman, Architecture and Historic Environment Division, Department for Culture, Media and Sport 2-4 Cockspur Street, London SW1Y 5DH. The consultation document is available to download from http://www.culture.gov.uk/global/consultations/2003+current+consultations/her_consultation.htm. http://www.english-heritage.org.uk/default.asp?wci=mainframe&URL1=default.asp%3FWCI%3DNode%26WCE%3D7282 | ||
| 590 | _aWB | ||
| 650 | _aHISTORIC ENVIRONMENT | ||
| 650 | _aSITES AND MONUMENTS RECORD | ||
| 650 | _aHISTORIC ENVIRONMENT RECORDS | ||
| 690 | _aBUILT ENVIRONMENT-BUILDING MAINTENANCE AND REFURBISHMENT-BUILDING CONSERVATION | ||
| 942 | _n0 | ||
| 999 |
_c73216 _d73216 |
||